LDR 00987naa#a2200157#i#450# 001 RU\\bibl\20174 005 20260701232919.3 100 ## _a20260630b2026####ek#y0rusy0150####ca 102 ## _aRU 200 1# _aПРОЕКТИРОВАНИЕ ПОЛЬЗОВАТЕЛЬСКОГО ИНТЕРФЕЙСА МОБИЛЬНОГО ПРИЛОЖЕНИЯ ДЛЯ ВЗАИМОДЕЙСТВИЯ С СИСТЕМОЙ СКОРОЙ МЕДИЦИНСКОЙ ПОМОЩИ _eСтатья/тезисы конференции 210 1# _aВоронеж _cВоронежский государственный лесотехнический университет имени Г.Ф. Морозова _d2026 215 ## _a4 с. 608 ## _aСтатья/тезисы конференции _2local 675 ## _aИнформационные технологии. Компьютерные технологии. Теория вычислительных машин и систем. 004 _z 700 #1 _aДручинин _gС. Ю. 856 4# _abibl.vgltu.ru _u